Slovensko 2004 súhrnná správa o stave spoločnosti
Saved in:
| Other Authors: | , |
|---|---|
| Format: | Book |
| Language: | Slovak |
| Published: |
Bratislava
Inštitút pre verejné otázky
2004
|
| Series: | Slovensko v pohybe
|
| Subjects: | |
| Tags: |
No Tags, Be the first to tag this record!
|
MARC
| LEADER | 00000nam$a2200000$$$4500 | ||
|---|---|---|---|
| 001 | 0022575 | ||
| 005 | 20240318125842.7 | ||
| 020 | |a 80-88935-75-X | ||
| 041 | 0 | |a slo | |
| 044 | |a SK | ||
| 245 | 1 | 0 | |a Slovensko 2004 |b súhrnná správa o stave spoločnosti |c editori: Miroslav Kollár, Grigorij Mesežnikov |
| 264 | 1 | |a Bratislava |b Inštitút pre verejné otázky |c 2004 | |
| 300 | |a 992 s. | ||
| 490 | 1 | |a Slovensko v pohybe | |
| 830 | 0 | |a Slovensko v pohybe | |
| 610 | 2 | 0 | |a Slovensko |
| 610 | 2 | 0 | |a politika vnútorná |
| 610 | 2 | 0 | |a strany politické |
| 610 | 2 | 0 | |a politika zahraničná |
| 610 | 2 | 0 | |a situácia hospodárska |
| 610 | 2 | 0 | |a spoločnosť |
| 610 | 2 | 0 | |a vývoj spoločenský |
| 610 | 2 | 0 | |a vývoj hospodársky |
| 610 | 2 | 0 | |a vývoj politický |
| 610 | 2 | 0 | |a vývoj sociálny |
| 700 | 1 | |a Kollár, Miroslav | |
| 700 | 1 | |a Mesežnikov, Grigorij | |